01188cam a22003011a 4500001001300000003000400013005001700017008004100034010001700075035001900092040003200111042001200143043001200155050001500167100001900182245010700201260006800308300005100376490006900427440005100496500008100547504006200628650002500690650003200715650004100747830008100788999001700869gs 28000344 DLC20260227111333.0750917s1928 ctuaf b s001 0 eng  ags 28000344  a(OCoLC)1630199 aDLCcCtHTdOCoLCdCSfAdDLC apremarc an-us-ct00aQK151b.E51 aEnnis, Beulah.14aThe life forms of Connecticut plants and their significance in relation to climate /cby Beulah Ennis. aHartford :bState Geological and Natural History Survey,c1928. a100, vii p., 20 p. of plates :bill. ;c23 cm.1 aBulletin / State Geological and Natural History Survey ;vno. 43 0aState of Connecticut public document ;vno. 47 aOriginally presented as the author's thesis (Ph. D.--Yale University, 1925). aIncludes bibliographical references (p. 93-94) and index. 0aPlantszConnecticut. 0aPlant ecologyzConnecticut. 0aVegetation and climatezConnecticut. 0aBulletin (State Geological and Natural History Survey of Connecticut) ;v43. c26666d26666